Qué funciona en la prevención comunitaria : (Registro nro. 21683)

Detalles MARC
000 -Cabecera
Campo de control interno 00874nam a2200253Ia 4500
005 - Fecha y hora del registro
control field 20260320113304.0
008 - Elementos de Longitud Fija
fixed length control field 260320s9999||||xx |||||||||||||| ||und||
020 ## - ISBN
ISBN 9788436844962
041 ## - Idioma
Codigo Idioma ESP
082 ## - DEWEY y NOTACIÓN INTERNA
Dewey 302
Notación Interna M32Q
100 ## - AUTOR
Autor denominación Maya Jariego, Isidro,
Término de relación coordinador
245 #0 - TÍTULO DE MATERIAL BIBLIOGRÁFICO
Título Qué funciona en la prevención comunitaria :
Título paralelo casos de intervención psicosocial efectiva
246 ## - TÍTULO TRADUCIDO
Título
Título paralelo
Autor
260 ## - CIUDAD, EDITORIAL, AÑO
Ciudad Madrid :
Nombre de la Editorial Ediciones Pirámide,
Año 2021
300 ## - DESCRIPCIÓN
N° Páginas 340 páginas .
Otros detalles
Dimensiones
Material Adicional
440 ## - MENCIÓN DE SERIE
Título de la Serie (Colección Psicología)
Número de Serie
Volumen de Serie
650 ## - TEMAS
Temas Psicología
653 ## - DESCRIPTORES
Lenguajes no controlado Psicología social; Psicología comunitaria - Intervención; Interacción social
654 ## - PROGRAMAS
Programa Dpto. de Humanidades
700 ## - OTROS AUTORES
Otros autores Holgado Ramos, Daniel,
Títulos y otras palabras asociadas con el nombre coordinador
856 ## - URL - UBICACIÓN
URI/URL: Enlace exacto del recurso <a href="https://login.ucsp.lookproxy.com/login?url=https://www.jstor.org/">https://login.ucsp.lookproxy.com/login?url=https://www.jstor.org/</a>
Nota pública: Versión digital <a href="Véase además: Base de datos JSTOR">Véase además: Base de datos JSTOR</a>
942 ## - ELEMENTOS DE KOHA
Tipo de documento Libro
Nombre del creador Justo Noguera
Código de catalogador Tania Ramirez
Esquema de clasificación Dewey Decimal Classification
Suppress in OPAC
Existencias
Codigo completo Registro Colección Copia número Disponibilidad Tipo de préstamo Biblioteca Actual Procedencia (Biblioteca) Ubicacón Fecha Ingreso Tipo de Adquisición Date last seen Total checkouts Price effective from Tipo de Item Estado del Material Fuente de Clasificación Damaged status Withdrawn status
302 M32Q 1085229 Universidad Católica San Pablo 1 Disponible Disponible Víctor Andrés Belaunde Víctor Andrés Belaunde Planta baja abierta 30/03/2026 Compra 30/03/2026   30/03/2026 Libro Bueno Dewey Decimal Classification    
302 M32Q 1085230 Universidad Católica San Pablo 2 Disponible Disponible Víctor Andrés Belaunde Víctor Andrés Belaunde Planta baja abierta 30/03/2026 Compra 30/03/2026   30/03/2026 Libro Bueno Dewey Decimal Classification